Managing operational risk in financial markets / (Record no. 345412)
[ view plain ]
| 000 -LEADER | |
|---|---|
| fixed length control field | 02903 a2200205 4500 |
| 020 ## - INTERNATIONAL STANDARD BOOK NUMBER | |
| International Standard Book Number | 0750647329 |
| 020 ## - INTERNATIONAL STANDARD BOOK NUMBER | |
| International Standard Book Number | 9780750647328 |
| 082 04 - DEWEY DECIMAL CLASSIFICATION NUMBER | |
| Classification number | 380 |
| 090 ## - LOCALLY ASSIGNED LC-TYPE CALL NUMBER (OCLC); LOCAL CALL NUMBER (RLIN) | |
| -- | 2922 |
| -- | 2922 |
| 100 1# - MAIN ENTRY--PERSONAL NAME | |
| Personal name | Hussain, Amanat. |
| 245 10 - TITLE STATEMENT | |
| Title | Managing operational risk in financial markets / |
| Statement of responsibility, etc. | Amanat Hussain. |
| 250 ## - EDITION STATEMENT | |
| Edition statement | 1st ed. |
| 260 ## - PUBLICATION, DISTRIBUTION, ETC. | |
| Place of publication, distribution, etc. | [S.l.] : |
| Name of publisher, distributor, etc. | Butterworth-Heinemann, |
| Date of publication, distribution, etc. | 2000. |
| 300 ## - PHYSICAL DESCRIPTION | |
| Extent | 288 p. ; |
| Dimensions | 24 cm. |
| 500 ## - GENERAL NOTE | |
| General note | Hardcover. |
| 520 ## - SUMMARY, ETC. | |
| Summary, etc. | Risk Management is one of the biggest issues facing the financial markets today. 'Managing Operational Risk in Financial Markets' outlines the major issues for risk management and focuses on operational risk as a key activity in managing risk on an enterprise-wide basis. While risk management had always been an integral part of financial activity, the 1990s has seen the requirement for risk management establish itself as a key function within banks and other financial institutions. With greater emphasis on ensuring that money is not lost through adverse market conditions, counterparty failure or inappropriate controls, systems or people, risk management has become a discipline in its own right. Managing risk is now THE paramount topic within the financial sector. Recurring major losses through the 1990s has shocked financial institutions into placing much greater emphasis on risk management and controls. The collapse of Barings and losses made by Metallgescellschaft, Orange County, Diawa and Sumitomo as a result of a lack of procedures, systems or managerial control has demonstrated to organisations the need to broaden the scope of their risk management activity from merely looking at market and credit risk. This has brought into focus the need for managing operational risk. Operational risk can only be managed on an enterprise wide basis as it includes the entire process of policies, culture, procedures, expertise and systems that an institution needs in order to manage all the risks resulting from its financial transactions. In fact, in order to effectively manage market and credit risks it is necessary to have the relevant skills and expertise in the staff, technical and organisational infrastructure, as well as monitoring and control systems. As all of these are components of operational risk, it then becomes apparent that an integrated risk management approach needs to focus on operational risk. Provides a comprehensive framework for the management of operational risk Defines the spectrum of risks faced by organisations and how they can effectively manage these Develops an enterprise-wide risk information system and defines the major challenges that need to be addressed in developing such a system. |
| 856 40 - ELECTRONIC LOCATION AND ACCESS | |
| Materials specified | Amazon.com |
| Uniform Resource Identifier | <a href="http://www.amazon.com/exec/obidos/ASIN/0750647329/chopaconline-20">http://www.amazon.com/exec/obidos/ASIN/0750647329/chopaconline-20</a> |
| 856 40 - ELECTRONIC LOCATION AND ACCESS | |
| Materials specified | Amazon customer reviews |
| Uniform Resource Identifier | <a href="http://www.chopac.org/cgi-bin/tools/azrev.pl?q=0750647329">http://www.chopac.org/cgi-bin/tools/azrev.pl?q=0750647329</a> |
| 942 ## - ADDED ENTRY ELEMENTS (KOHA) | |
| Institution code [OBSOLETE] | NBS |
| Koha item type | Book |
| Call number prefix | 332.6 HUS |
| Withdrawn status | Lost status | Damaged status | Not for loan | Permanent Location | Current Location | Date acquired | Total Checkouts | Full call number | Barcode | Date last seen | Date last checked out | Price effective from | Koha item type |
|---|---|---|---|---|---|---|---|---|---|---|---|---|---|
| Central Library (CL) | Central Library (CL) | 08/28/2013 | 1 | 332.6 HUS | NBS4400 | 11/22/2017 | 08/03/2017 | 08/28/2013 | Book |
